Kartarpur Sahib: (Record no. 199745)
[ view plain ]
| 000 -LEADER | |
|---|---|
| fixed length control field | 00933nam a22002537a 4500 |
| 003 - CONTROL NUMBER IDENTIFIER | |
| control field | dpl |
| 005 - DATE AND TIME OF LATEST TRANSACTION | |
| control field | 20240821111801.0 |
| 008 - FIXED-LENGTH DATA ELEMENTS--GENERAL INFORMATION | |
| fixed length control field | 231221b |||||||| |||| 00| 0 eng d |
| 010 ## - LIBRARY OF CONGRESS CONTROL NUMBER | |
| LC control number | B-756962-965 ENG-139886 ENG-141342 |
| 020 ## - INTERNATIONAL STANDARD BOOK NUMBER | |
| International Standard Book Number | 9789391504960 |
| Terms of availability | 995.00 |
| 035 ## - SYSTEM CONTROL NUMBER | |
| System control number | B-756962-965 |
| 035 ## - SYSTEM CONTROL NUMBER | |
| System control number | EN-123418 |
| 035 ## - SYSTEM CONTROL NUMBER | |
| System control number | EN-124874 |
| 037 ## - SOURCE OF ACQUISITION | |
| Source of stock number/acquisition | Har Anand |
| 040 ## - CATALOGING SOURCE | |
| Transcribing agency | 0 |
| 082 ## - DEWEY DECIMAL CLASSIFICATION NUMBER | |
| Classification number | 230 |
| 100 ## - MAIN ENTRY--PERSONAL NAME | |
| Relator code | Kaur, Harpreet |
| 245 ## - TITLE STATEMENT | |
| Title | Kartarpur Sahib: |
| Remainder of title | Last Abode of Sri Guru Nanak Dev/ |
| Statement of responsibility, etc | By Harpreet Kaur |
| 260 ## - PUBLICATION, DISTRIBUTION, ETC. (IMPRINT) | |
| Place of publication, distribution, etc | New Delhi |
| Name of publisher, distributor, etc | Har Anand Publication |
| Date of publication, distribution, etc | 2023 |
| 270 ## - ADDRESS | |
| Address | E-49/3, Okhla Industrial Area, Phase-II, |
| City | New Delhi |
| Postal code | 110020 |
| 300 ## - PHYSICAL DESCRIPTION | |
| Extent | 255p. |
| Dimensions | 22cm(HB) |
| 942 ## - ADDED ENTRY ELEMENTS (KOHA) | |
| Source of classification or shelving scheme | Dewey Decimal Classification |
| Koha item type | English Books |
| Classification part | 230 |
| Call number suffix | KAU |
| Withdrawn status | Lost status | Source of classification or shelving scheme | Damaged status | Not for loan | Collection code | Home library | Current library | Date acquired | Source of acquisition | Cost, normal purchase price | Total Checkouts | Full call number | Barcode | Date last seen | Copy number | Cost, replacement price | Price effective from | Koha item type |
|---|---|---|---|---|---|---|---|---|---|---|---|---|---|---|---|---|---|---|
| Dewey Decimal Classification | Not For Loan | Non-fiction | Bawana | Bawana | 27/03/2024 | DBAD | 995.00 | 230 KAU | EN-123418 | 27/03/2024 | 1 | 995.00 | 27/03/2024 | English Books | ||||
| Dewey Decimal Classification | Non-fiction | Central Library | Central Library | 26/12/2023 | Har Anand Publications Pvt. Ltd/710/7.12.23/35/23.11.23/14.12.23 | 995.00 | 230 KAU | B-756962 | 26/12/2023 | 1 | 995.00 | 26/12/2023 | English Books | |||||
| Dewey Decimal Classification | Non-fiction | Kadipur | Kadipur | 21/08/2024 | Delivery of Books Act Division | 995.00 | 230 KAU | EN-124874 | 21/08/2024 | 1 | 995.00 | 21/08/2024 | English Books | |||||
| Dewey Decimal Classification | Non-fiction | Kasturba Gandhi Marg | Kasturba Gandhi Marg | 26/12/2023 | Har Anand Publications Pvt. Ltd/710/7.12.23/35/23.11.23/14.12.23 | 995.00 | 230 KAU | B-756963 | 26/12/2023 | 2 | 995.00 | 26/12/2023 | English Books | |||||
| Dewey Decimal Classification | Non-fiction | Peshwa Road | Peshwa Road | 26/12/2023 | Har Anand Publications Pvt. Ltd/710/7.12.23/35/23.11.23/14.12.23 | 995.00 | 230 KAU | B-756964 | 26/12/2023 | 3 | 995.00 | 26/12/2023 | English Books | |||||
| Dewey Decimal Classification | Non-fiction | Shahdara Branch | Shahdara Branch | 26/12/2023 | Har Anand Publications Pvt. Ltd/710/7.12.23/35/23.11.23/14.12.23 | 995.00 | 230 KAU | B-756965 | 26/12/2023 | 4 | 995.00 | 26/12/2023 | English Books |
